| 000 | 00000nam##2200000za#4500 |
| 001 | 9.652800 |
| 003 | CaOODSP |
| 005 | 20220125145841 |
| 007 | ta |
| 008 | 150407|2014||||xxc||||| f|0| 0 eng|d |
| 020 | |a978-1-100-23434-2 |
| 040 | |aCaOODSP|beng |
| 043 | |an-cn--- |
| 086 | 1 |aD2-329/2014E |
| 110 | 1 |aCanada. |bDepartment of National Defence. |
| 245 | 14|aThe human dimensions of operations : |ba personnel research perspective / |cedited by Gary Ivey, Kerry Sudom, Waylon H. Dean and Maxime Tremblay. Produced for the Canadian Defence Academy Press by 17 Wing Winnipeg Publishing Office. |
| 260 | |aKingston - Ontario : |bNational Defence |cc2014. |
| 300 | |aix, 282p. : |bfigs., tables, index ; |c23 cm. |
| 504 | |aBibliography. |
| 563 | |aSoftcover |
| 590 | |a15-13|b2015-03-27 |
| 690 | 07|aMilitary personnel|2gcpds |
| 690 | 07|aOperations|2gcpds |
| 775 | 08|tThe human dimensions of operations |w(CaOODSP)9.678076 |